Counties of Romania - Statistics

General Stats
  • This quiz has been taken 26 times
  • The average score is 32 of 42
Answers on the Map
Answers color-coded by a green-red scale on the quiz's map according to % correct below.
 
Answer Stats
Answer % Correct
Bucharest
100%
Arad
94%
Constanta
94%
Iasi
94%
Cluj
88%
Ilfov
88%
Satu Mare
88%
Timis
88%
Arges
82%
Bihor
82%
Bistrita
82%
Buzau
82%
Harghita
82%
Maramures
82%
Tulcea
82%
Brasov
76%
Caras Severin
76%
Covasna
76%
Ialomita
76%
Mehedinti
76%
Olt
76%
Prahov
76%
Sibiu
76%
Suceava
76%
Alba
71%
Bacau
71%
Botosani
71%
Dolj
71%
Galati
71%
Mures
71%
Salaj
71%
Valcea
71%
Vaslui
71%
Vrancea
71%
Braila
65%
Giurgiu
65%
Gorj
65%
Hunedoara
65%
Teleorman
65%
Neamt
59%
Calarasi
53%
Dambovita
53%
No matching quizzes found
Score Distribution
Percent of People with Each Score
Percentile by Number Answered
Your Score History
You have not taken this quiz